La causa.

Bibliographic Details
Uniform Title:Causa (Los Angeles, Calif.)
Corporate Author: National Brown Beret Organization
Format: Microform Newspaper
Language:English
Spanish
Language Notes:Chiefly in English with some contributions in Spanish.
Published: Los Angeles, Calif. : [publisher not identified], [1969]-
Series:Chicano serials collection ; Sec. 2, roll D.
Subjects:

MARC

Tag First Indicator Second Indicator Subfields
LEADER 00000cas a22000007a 4500
001 in00003528321
005 20151105181808.0
007 hd afb---bucu
008 861217d196919uucau x nea 0 0eng c
010 |a sn 86026516  
029 1 |a AU@  |b 000020449183 
035 |a (OCoLC)ocm14986348 
037 |b Bay Microfilms, Inc., 1115 E. Arques Ave., Sunnyvale, CA 94086 
040 |a IUL  |b eng  |c IUL  |d EYM  |d TXA  |d DLC  |d OCLCQ  |d OCLCO  |d OCLCF  |d OCLCO  |d TXA  |d UtOrBLW 
041 0 |a eng  |a spa 
042 |a pcc 
043 |a n-us-ca 
049 |a TXAM 
050 0 0 |a Newspaper 
050 1 4 |a E184.M5  |b C4535 Sec. 2, roll D 
130 0 |a Causa (Los Angeles, Calif.) 
245 1 3 |a La causa. 
264 1 |a Los Angeles, Calif. :  |b [publisher not identified],  |c [1969]- 
300 |a volumes :  |b illustrations ;  |c 45 cm. 
310 |a Irregular 
336 |a text  |b txt  |2 rdacontent 
337 |a microform  |b h  |2 rdamedia 
338 |a microfilm reel  |b hd  |2 rdacarrier 
362 0 |a Vol. 1, no. 1 (23 de mayo 1969)- 
500 |a Title from caption. 
515 |a Issues for <16 Sept. 1972-> lack numeric designation. 
546 |a Chiefly in English with some contributions in Spanish. 
550 |a Issued by: National Brown Beret Organization, <28 de feb. 1970-> 
533 |a Microfilm.  |m v.1:no.1,5-6, v.2:no.1 (1969:mayo 23,1970:feb.28-mayo 22; 1972:Sept.16)  |b Palo Alto, Calif. :  |c Filmed by Bay Microfilm, Inc., Library Microfilms Division, [in conjunction with the Chicano Studies Collections, University of California, Berkeley].  |e 1 microfilm reel ; 35 mm.  |f ([Chicano serials collection] ; Sec. 2, roll D)  |n Filmed with other titles. 
500 |a Microform. 
650 0 |a Mexican Americans  |z California  |v Newspapers. 
650 0 |a Radicalism  |z California  |v Newspapers. 
650 7 |a Mexican Americans.  |2 fast  |0 (OCoLC)fst01019072 
650 7 |a Radicalism.  |2 fast  |0 (OCoLC)fst01087015 
651 7 |a California.  |2 fast  |0 (OCoLC)fst01204928 
655 7 |a Newspapers.  |2 fast  |0 (OCoLC)fst01423814 
710 2 |a National Brown Beret Organization. 
752 |a United States  |b California  |c Los Angeles  |d Los Angeles. 
776 1 |c Original  |w (DLC)sn 92030121  |w (OCoLC)17400504 
830 0 |a Chicano serials collection ;  |v Sec. 2, roll D. 
850 |a DLC  |a InU  |a MiU 
994 |a C0  |b TXA 
948 |a cataloged  |b h  |c 2015/4/20  |d c  |e coplinger  |f 3:57:35 pm 
999 |a MARS 
999 f f |s c46a8f77-481a-31d4-a357-6d565c734cfd  |i 28026fe1-5e97-381d-9d59-1cdf85259854  |t 0 
952 f f |a Texas A&M University  |b College Station  |c Sterling C. Evans Library  |d Evans: Microforms Film (3rd floor)  |t 0  |e E184.M5 C4535 Sec. 2, roll D  |h Library of Congress classification 
998 f f |a E184.M5 C4535 Sec. 2, roll D  |s 1972:sept.16  |t 0  |l Evans: Microforms Film (3rd floor)